000 00529nam a2200181Ia 4500
008 090123s9999 xx 000 0 und d
082 _b10944
_a891.463/नंदा
100 _aनंदा गुलशन
245 _aपरिवर्तन
250 _a1
260 _bदिलिप प्रकाशन
_c1986
300 _a234
600 _aनंदा गुलशन
630 _aपरिवर्तन
700 _aनंदा गुलशन
730 _aपरिवर्तन
942 _cBOOK
999 _c49009
_d49009